000 01834cab a22001935a 4500
001 L139867
008 070816e20070724xxk f w 000 0 eng d
035 _a(Sirsi) u139867
041 0 _aeng
245 0 0 _aStone Heritage Development Ltd and others V Davis Blank Furniss
_h[electronic resource]
260 _c2007
520 _a[2007] EWCA Civ 765, 24 July 2007. The appellant company (C) appealed against a decision that a loss they claimed was not caused by the negligence of their solicitors (D). A development agreement was made between C and the landowners (H). There was risk that the development would encroach onto adjacent local authority land, of which H was thought to have a possessory title. C instructed D that any problem would therefore be resolved by H's acquisition of this land. The local authority did complain of encroachment. H eventually acquired the land, and matters between C and H were concluded resulting in C's loss. C then made representation against D that they should have included a grant of rights between C and H that the development terms included any land that H might acquire. The judge accepted negligence on the part of D, but did not accept that this had caused C's loss. "Held": The conclusion of D's negligence had not been justified. D were not asked to advise on the commercial viability of the deal C negotiated with H. The limitations of C's instructions to D showed that D had not been in breach of their duty. Appeal dismissed.
590 _aKA
650 2 4 _aSTONE HERITAGE DEVELOPMENT LTD AND OTHERS V DAVIS BLANK FURNISS
651 4 _aEngland and Wales
_y1543-
690 _aMANAGEMENT-BUSINESS MANAGEMENT-PROFESSIONAL PRACTICE-NEGLIGENCE
856 4 0 _uhttps://www.bailii.org/ew/cases/EWCA/Civ/2007/765.html
_zView the judgement free of charge at www.bailii.org...
942 _n0
999 _c79114
_d79114